ბათუმის შოთა რუსთაველის სახელმწიფო უნივერსიტეტის ბიბლიოთეკა

Мастерство переговоров / (ბიბ.ჩანაწერი № 41276)

000 -LEADER
fixed length control field 00826nam a2200229Ia 4500
001 - CONTROL NUMBER
control field 7931
003 - CONTROL NUMBER IDENTIFIER
control field GE_BSU
005 - DATE AND TIME OF LATEST TRANSACTION
control field 20221003121500.0
008 - FIXED-LENGTH DATA ELEMENTS--GENERAL INFORMATION
fixed length control field 181216s2012ru xx |||||||||||||| ||rus||
020 ## - INTERNATIONAL STANDARD BOOK NUMBER
International Standard Book Number 9785713314095
040 ## - CATALOGING SOURCE
Transcribing agency GE_BSU
041 ## - LANGUAGE CODE
Language code of text/sound track or separate title rus
080 ## - UNIVERSAL DECIMAL CLASSIFICATION NUMBER
Universal Decimal Classification number 81'25(075.8):327 Д-79
100 ## - MAIN ENTRY--PERSONAL NAME
Personal name Дубинин,Ю.В.
9 (RLIN) 14955
245 ## - TITLE STATEMENT
Title Мастерство переговоров /
Statement of responsibility, etc. Ю.В. Дубинин, Ред.О.В.Чхиквишвили
264 ## - PRODUCTION, PUBLICATION, DISTRIBUTION, MANUFACTURE, AND COPYRIGHT NOTICE
Place of production, publication, distribution, manufacture Москва :
Name of producer, publisher, distributor, manufacturer Международные отношения,
Date of production, publication, distribution, manufacture, or copyright notice 2012.
300 ## - PHYSICAL DESCRIPTION
Extent 320 стр.:
Other physical details илл;
Dimensions 21 см.
653 ## - INDEX TERM--UNCONTROLLED
keyword Мастерство переговоров
653 ## - INDEX TERM--UNCONTROLLED
keyword მოლაპარაკების უნარი
700 ## - ADDED ENTRY--PERSONAL NAME
Personal name Чхиквишвили, О.В.
Relator term რედაქტორი
9 (RLIN) 14956
942 ## - ADDED ENTRY ELEMENTS (KOHA)
Koha item type წიგნი
Source of classification or shelving scheme
ეგზემპლარები
Withdrawn status Lost status Source of classification or shelving scheme Damaged status Not for loan Permanent Location Current Location Shelving location Date acquired Cost, normal purchase price Full call number Barcode Date last seen Copy number Price effective from Koha item type Public note
          ბათუმის შოთა რუსთაველის სახელმწიფო უნივერსიტეტის მთავარი ბიბლიოთეკა ბათუმის შოთა რუსთაველის სახელმწიფო უნივერსიტეტის მთავარი ბიბლიოთეკა წიგნსაცავი 2018-12-17 32.00 81'25(075.8):327 Д-79 24403 2018-12-17 24403 2018-12-17 წიგნი 32.00